000 00716nam a2200289Ia 4500
001 16750
003 IT-RoPAU
008 130308s9999 xx 000 0 und d
040 _aIT-RoPAU
040 _cIT-RoPAU
041 _aFRANCESE
100 _aGolea Antoine
100 _gCodice Aut. SPICS: 5946
245 _aRencontres avec Pierre Boulez
245 _bMusique (La)
250 _a1a ed.
260 _aPARIS
260 _bLarousse
260 _c1977 [1° Ed.:1977 - Ed.Ling.Originale:1977]
300 _a"2 p. (prefazione: no ; testo: 2 [pagine: 111-112])"
650 _aSAGGI MUSICALI
650 _eCodice materia Spics: 7011
942 _cBK
957 _71
999 _c60383
_d60383
999 _bSI
999 _g1